|
|
|
|
| LEADER |
00000nam0a2200000 4500 |
| 001 |
364999 |
| 005 |
20231102011737.0 |
| 035 |
|
|
|a (RuTPU)RU\TPU\retro\22362
|
| 090 |
|
|
|a 364999
|
| 100 |
|
|
|a 20211208d1981 km y0rusy50 ca
|
| 101 |
0 |
|
|a rus
|
| 102 |
|
|
|a RU
|
| 105 |
|
|
|a y z 000zy
|
| 200 |
1 |
|
|a Войска ПВО в Великой Отечественной войне 1941-1945
|e краткая хроника
|f П. И. Грехнев, Н. Я. Комаров, В. Л. Манилов [и др.]
|
| 210 |
|
|
|a Москва
|c Воениздат
|d 1981
|
| 215 |
|
|
|a 326 с.
|
| 606 |
1 |
|
|a Войска противовоздушной обороны (ПВО) в Великой Отечественной войне 1941-1945
|2 stltpush
|3 (RuTPU)RU\TPU\subj\66653
|9 82704
|
| 610 |
1 |
|
|a Великая Отечественная война 1941-1945
|
| 610 |
1 |
|
|a оборонительные сражения
|
| 610 |
1 |
|
|a ПВО
|
| 610 |
1 |
|
|a воздушные бои
|
| 610 |
1 |
|
|a героизм
|
| 686 |
|
|
|a Т3(2)622-35:Ц5/7
|v LBC/SL-A
|2 rubbk
|
| 701 |
|
1 |
|a Грехнев
|b П. И.
|
| 701 |
|
1 |
|a Комаров
|b Н. Я.
|
| 701 |
|
1 |
|a Манилов
|b В. Л.
|
| 701 |
|
1 |
|a Михайленко
|b И. Н.
|
| 701 |
|
1 |
|a Ткачев
|b Ф. П.
|
| 801 |
|
1 |
|a RU
|b 63413507
|c 20211208
|
| 942 |
|
|
|c BK
|